[Event "Asia Club-ch Hybrid"]
[Site "Tornelo INT"]
[Date "2021.11.03"]
[Round "1.2"]
[White "Senevirathne, SDBK"]
[Black "Siddharth, Jagadeesh"]
[Result "0-1"]
[WhiteElo "1590"]
[BlackElo "2355"]
[PlyCount "92"]
[EventDate "2021.11.03"]
[EventType "team-swiss"]
[EventRounds "9"]
[EventCountry "NET"]
[SourceTitle "CBM 205 Extra"]
[Source "ChessBase"]
[SourceDate "2022.01.31"]
[SourceVersion "1"]
[SourceVersionDate "2022.01.31"]
[SourceQuality "1"]
[WhiteTeam "Super Knight CC II"]
[BlackTeam "SG Chess Hub"]
[WhiteTeamCountry "SRI"]
[BlackTeamCountry "SIN"]

1. e4 c6 2. d4 d5 3. e5 c5 4. c3 Nc6 5. Nf3 cxd4 6. cxd4 Bg4 7. Nc3 e6 8. Qb3 Bxf3 9. Qxb7 Qc8 10. Ba6 Qxb7 11. Bxb7 Nxd4 12. Bxa8 Bxg2 13. Be3 Nc2+ 14. Kd2 Nxe3 15. fxe3 Bxh1 16. Rxh1 Bb4 17. Bc6+ Kd8 18. Ba4 Ne7 19. a3 Bxc3+ 20. Kxc3 Kc7 21. Rg1 Rg8 22. b4 Kb6 23. e4 dxe4 24. Kd4 Nf5+ 25. Kxe4 Rc8 26. Rd1 Rc4+ 27. Kd3 Rh4 28. Be8 f6 29. Re1 Rh3+ 30. Kc2 Nd4+ 31. Kd1 Rxa3 32. Re4 Ra1+ 33. Kd2 Nf3+ 34. Ke3 Nxe5 35. Kd4 Ra3 36. Rf4 Nf3+ 37. Kc4 Nd2+ 38. Kd4 e5+ 39. Kd5 exf4 40. Bh5 f3 41. Ke6 f2 42. Be2 Re3+ 43. Kf7 Rxe2 44. Kxg7 f1Q 45. Kxh7 Qg1 46. Kh6 Rxh2# 0-1

[Event "SRI-ch U14"]
[Site "Nugegoda"]
[Date "2021.03.14"]
[Round "11"]
[White "Bimansa, DG Jayandi"]
[Black "Senevirathne, SDBK"]
[Result "0-1"]
[WhiteElo "1083"]
[BlackElo "1620"]
[PlyCount "56"]
[EventDate "2021.03.09"]
[EventType "tourn"]
[EventRounds "11"]
[EventCountry "SRI"]
[SourceTitle "CBM 201 Extra"]
[Source "ChessBase"]
[SourceDate "2021.05.31"]
[SourceVersion "1"]
[SourceVersionDate "2021.05.31"]
[SourceQuality "1"]

1. e4 e5 2. Bc4 Nc6 3. Nf3 Nf6 4. Ng5 d5 5. exd5 Na5 6. Bb5+ c6 7. dxc6 bxc6 8. Be2 h6 9. Nh3 Qd5 10. f3 Bxh3 11. gxh3 Qd4 12. c3 Qh4+ 13. Kf1 Bc5 14. d4 exd4 15. b4 Qxh3+ 16. Ke1 Qh4+ 17. Kf1 d3 18. bxc5 dxe2+ 19. Qxe2+ Kf8 20. Nd2 Re8 21. Qf2 Qh3+ 22. Qg2 Re1+ 23. Kxe1 Qxg2 24. Rf1 Nd5 25. Rf2 Qg1+ 26. Rf1 Qe3+ 27. Kd1 Qd3 28. Rf2 Ne3+ 0-1

[Event "SRI-ch U14"]
[Site "Nugegoda"]
[Date "2021.03.12"]
[Round "7"]
[White "Kolonne, KA Thisaja Senon"]
[Black "Senevirathne, SDBK"]
[Result "0-1"]
[WhiteElo "1215"]
[BlackElo "1620"]
[PlyCount "78"]
[EventDate "2021.03.09"]
[EventType "tourn"]
[EventRounds "11"]
[EventCountry "SRI"]
[SourceTitle "CBM 201 Extra"]
[Source "ChessBase"]
[SourceDate "2021.05.31"]
[SourceVersion "1"]
[SourceVersionDate "2021.05.31"]
[SourceQuality "1"]

1. d4 Nf6 2. c4 e6 3. Nf3 Bb4+ 4. Bd2 Bxd2+ 5. Nbxd2 0-0 6. e4 d6 7. Bd3 e5 8. d5 a5 9. a3 Na6 10. Bc2 Bd7 11. 0-0 g6 12. Ba4 Bg4 13. h3 Bc8 14. Kh2 Nh5 15. g3 Nc5 16. Bc2 a4 17. Kg2 Kh8 18. Ne1 Qg5 19. Ndf3 Qh6 20. Rh1 f5 21. Nd2 Nf6 22. exf5 gxf5 23. Nef3 Rg8 24. Kf1 f4 25. h4 fxg3 26. fxg3 Ng4 27. Qe2 Ne3+ 28. Kf2 Nxc2 29. Rac1 Bf5 30. Ng5 Raf8 31. Ndf3 Nd3+ 32. Kg2 Nxc1 33. Rxc1 e4 34. Nh2 Rxg5 35. hxg5 Qh3+ 36. Kh1 e3 37. Rf1 Be4+ 38. Kg1 Qxg3+ 39. Qg2 Qxg2# 0-1

[Event "SRI-ch U14"]
[Site "Nugegoda"]
[Date "2021.03.12"]
[Round "6"]
[White "Senevirathne, SDBK"]
[Black "Jayasundara, JM Daham V"]
[Result "1-0"]
[WhiteElo "1620"]
[BlackElo "1181"]
[PlyCount "59"]
[EventDate "2021.03.09"]
[EventType "tourn"]
[EventRounds "11"]
[EventCountry "SRI"]
[SourceTitle "CBM 201 Extra"]
[Source "ChessBase"]
[SourceDate "2021.05.31"]
[SourceVersion "1"]
[SourceVersionDate "2021.05.31"]
[SourceQuality "1"]

1. e4 c5 2. Nf3 Nc6 3. d4 cxd4 4. Nxd4 d6 5. Nc3 Nf6 6. Be3 g6 7. f3 Bg7 8. Qd2 0-0 9. 0-0-0 a6 10. g4 Bd7 11. h4 Qa5 12. Nb3 Qc7 13. h5 Na5 14. Bh6 Nxb3+ 15. axb3 Be6 16. hxg6 fxg6 17. Bxg7 Kxg7 18. Qh6+ Kg8 19. g5 Nh5 20. Rxh5 gxh5 21. Qxe6+ Kh8 22. Be2 Rae8 23. Rh1 Qc5 24. Rxh5 Qe5 25. Qh3 Qg7 26. e5 dxe5 27. Bd3 Rf7 28. g6 Ref8 29. Rxh7+ Qxh7 30. gxh7 1-0

[Event "Negambo op 4th"]
[Site "Negambo"]
[Date "2018.08.19"]
[Round "7"]
[White "Senevirathne, SDBK"]
[Black "Tharushi, THD Niklesha"]
[Result "0-1"]
[WhiteElo "1116"]
[BlackElo "1561"]
[PlyCount "118"]
[EventDate "2018.08.16"]
[EventType "swiss"]
[EventRounds "10"]
[EventCountry "SRI"]
[SourceTitle "CBM 186 Extra"]
[Source "ChessBase"]
[SourceDate "2018.08.24"]
[SourceVersion "1"]
[SourceVersionDate "2018.08.24"]
[SourceQuality "1"]

1. e4 c5 2. Nf3 d6 3. d4 cxd4 4. Nxd4 Nf6 5. Nc3 g6 6. Be3 Bg7 7. Be2 Nc6 8. 0-0 0-0 9. f3 Qb6 10. Na4 Qa5 11. Nc3 a6 12. Qd2 Qc7 13. Rad1 b5 14. a3 Bb7 15. Rc1 Rac8 16. Rfd1 Ne5 17. Bf2 Rfd8 18. h3 Nc4 19. Bxc4 bxc4 20. Bg3 e5 21. Nde2 d5 22. exd5 Nxd5 23. Nxd5 Bxd5 24. Qe3 f5 25. Bh4 Rd7 26. Nc3 Qc6 27. Rxd5 Rxd5 28. Nxd5 Qxd5 29. Rb1 Qd4 30. Qxd4 exd4 31. Be1 Rb8 32. b4 c3 33. Rc1 Kf7 34. Kf2 Ke6 35. Ke2 Kd5 36. Kd3 Bh6 37. Rd1 Be3 38. Bg3 f4 39. Bh2 g5 40. Bg1 Bxg1 41. Re1 Be3 42. Rb1 Re8 43. Re1 Rb8 44. Rb1 Bf2 45. Ke2 Be3 46. Kd3 Bd2 47. Ke2 Re8+ 48. Kf2 d3 49. cxd3 c2 50. Ra1 Re1 51. Rxe1 Bxe1+ 52. Kxe1 c1Q+ 53. Ke2 Qe3+ 54. Kf1 Kd4 55. b5 axb5 56. a4 b4 57. a5 b3 58. a6 b2 59. a7 b1R# 0-1

[Event "Negambo op 4th"]
[Site "Negambo"]
[Date "2018.08.18"]
[Round "5"]
[White "Ranasinghe, Sachini D"]
[Black "Senevirathne, SDBK"]
[Result "1-0"]
[WhiteElo "1785"]
[BlackElo "1116"]
[PlyCount "115"]
[EventDate "2018.08.16"]
[EventType "swiss"]
[EventRounds "10"]
[EventCountry "SRI"]
[SourceTitle "CBM 186 Extra"]
[Source "ChessBase"]
[SourceDate "2018.08.24"]
[SourceVersion "1"]
[SourceVersionDate "2018.08.24"]
[SourceQuality "1"]

1. Nf3 Nf6 2. b3 g6 3. Bb2 Bg7 4. c4 0-0 5. Nc3 d6 6. e3 Bf5 7. Be2 Nbd7 8. Nd4 Be6 9. Nxe6 fxe6 10. 0-0 Ne4 11. Qc2 Nxc3 12. Bxc3 Bxc3 13. Qxc3 Rf7 14. Qd4 Qf8 15. b4 e5 16. Qc3 Qg7 17. Bg4 Nf8 18. Bf3 c6 19. b5 Rc8 20. Qa5 Rxf3 21. gxf3 Qf7 22. bxc6 bxc6 23. Qa4 Ne6 24. Qd1 Ng5 25. f4 exf4 26. Qg4 Qf5 27. Qxf5 gxf5 28. f3 Kf7 29. h4 Ne6 30. Rab1 fxe3 31. dxe3 Nc5 32. Kf2 e5 33. Rg1 e4 34. fxe4 Nxe4+ 35. Ke1 Rc7 36. Rb8 d5 37. Rgg8 Nd6 38. cxd5 cxd5 39. h5 Ne4 40. Rgc8 Rd7 41. Rf8+ Kg7 42. Rxf5 Kh6 43. Rc8 Rd6 44. Rc7 a6 45. a4 Nf6 46. a5 Nxh5 47. Rb7 Ng7 48. Rff7 Ne6 49. Rb6 Rxb6 50. axb6 Nd8 51. Rd7 Kg5 52. Rxd8 h5 53. b7 h4 54. b8Q h3 55. Rf8 Kg6 56. Qg3+ Kh7 57. Rf4 h2 58. Rh4# 1-0